1159 1153 1951 1167 1165 1983 1326 1155 1627 1653 1395 1238 1351 1048 1207 1630 1703 1502 1281 1373 1802 1620 1663 1362 1781 1695 1268 1374 1765 1744 1153 1339 1158 1510 1511 1887 1238 1440 1282 1191 1817 1238 1820 1704 1035 1557 1822 1045 1738 1420 1438 1562 1813 1578 1805 1157 1656 1706 1008 1060 1858 1232 1513 1661 1833 1500 1387 1947 1064 1294 1293 1489 1848 1425 1605 1899 1102 1143 1408 1868 1884 1510 1429 1470 1982 1362 1215 1224 1046 1919 1134 1114 1948 1854 1060 1596 1087 1215 1563 BCNSPRNW ULIB Ver.6.0+V

เปลี่ยนเป็นภาษาไทย

Change to English
 แสดงรายละเอียดบรรณานุกรม
  กลับหน้าหลัก

Brief Record : Get Marc (ISO 2709) : E-mail record : QR code < ปิดหน้าต่าง
LEADER : 00000nam 2200000uu 4500
001    13399122503
003     ULIB
008    130709s2552||||th 000 0 tha d
020    ^a9786117010330
090    ^aนว.^bพ572ฟ
100 0  ^aเพลงมีนา
245 00 ^aไฟรักบัลลังก์ฟาโรห์/^cเพลงมีนา
250    ^aพิมพ์ครั้งที่ 1
260    ^aกรุงเทพฯ :^bนกฮูก,^c2552
300    ^a198 หน้า
710 1  ^aนกฮูก
945    ^p157^l0^i19962
995    ^aทศพร
999    ^aทศพร เกษรทอง
รายการนี้ยังไม่มีแท็ก
คุณยังไม่ได้ล็อกอิน คุณสามารถมีกิจกรรมร่วมกับเว็บไซต์ได้ แต่ต้องล็อกอินก่อน ::
  ล็อกอิน

รายการสื่อสารสนเทศ

ลำดับที่ ประเภท เลขเรียก/บาร์โค้ด สถานที่ สถานะ
1. นวนิยาย
นวนิยาย
นว. พ572ฟ  
  Barcode: 19962
ห้องสมุดวิทยาเขตสวรรค์ประชารักษ์
►นวนิยาย
บนชั้น
  ขอยืม

BibComment


ยังไม่เคยถูกคอมเมนท์

คอมเมนท์ทรัพยากรรายการนี้
  คอมเมนท์: ไฟรักบัลลังก์ฟาโ..


 Copyright 2026. Bcnsprnw @Library